Nižšie vláknité huby ako zdroj zaujímavých enzýmov produkovaných pomocou polosuchých fermentácií

Salvato in:
Dettagli Bibliografici
Autore principale: Leňová, Bianka (Autore)
Altri autori: Klempová, Tatiana (Relatore della tesi)
Natura: Manoscritto Libro
Lingua:slovacco
Pubblicazione: 2021
Soggetti:
Accesso online:http://is.stuba.sk/zp/portal_zp.pl?podrobnosti=148944
Tags: Aggiungi Tag
Nessun Tag, puoi essere il primo ad aggiungerne!!

MARC

LEADER 00000ntm a22000003a 4500
001 stuzp84410
003 SK-STU
005 20210626211406.3
007 ta
008 150427s2015----xo-----f-mn---000-0-slo-d
040 |a STU  |b slo 
041 0 |a slo 
100 1 |a Leňová, Bianka  |u 044000  |4 aut  |U FCHPT Fakulta chemickej a potravinárskej technológie  |T FCHPT Ústav biotechnológie  |X 97419  |U C4000  |Y 102  |7 97419 
242 0 1 |a Lower filamentous fungi as source of valuable enzymes produces in process of solid-state fermentation  |y eng 
245 1 0 |a Nižšie vláknité huby ako zdroj zaujímavých enzýmov produkovaných pomocou polosuchých fermentácií 
260 |c 2021 
650 4 |a polosuché fermentácie  |2 slo 
650 4 |a nižšie vláknité huby  |2 slo 
650 4 |a enzýmy  |2 slo 
650 4 |a lower filamentous fungi  |2 eng 
650 4 |a solid-state fermentation  |2 eng 
650 4 |a enzymes  |2 eng 
700 1 |a Klempová, Tatiana  |u 044000  |k Z1  |4 ths  |U FCHPT Fakulta chemickej a potravinárskej technológie  |T FCHPT Ústav biotechnológie  |X 21604  |U C4000  |Y 102  |7 A000021604 
856 4 |u http://is.stuba.sk/zp/portal_zp.pl?podrobnosti=148944